| 000 | 00950cam a2200289 a 4500 | ||
|---|---|---|---|
| 001 | 30553 | ||
| 005 | 20230404130019.0 | ||
| 008 | 040512s2003 cu b 000 0 spa | ||
| 035 | _a13602809 | ||
| 925 | 0 |
_aacquire _b1 shelf copy _xpolicy default |
|
| 942 |
_2lcc _cbk |
||
| 010 | _a2004437007 | ||
| 020 | _a9597078694 | ||
| 035 | _a(UyMoLRL)lr20292 | ||
| 040 |
_aDLC _cDLC _dDLC |
||
| 043 | _anwcu--- | ||
| 050 | 1 | 4 |
_a107 F 1783 _bD722 2003 |
| 082 | 0 | 0 |
_a972.9106/3 _222 |
| 245 | 0 | 0 |
_aDos siglos de pensamiento de liberación cubano / _cEduardo Torres-Cuevas, coord. |
| 260 |
_aLa Habana [i.e. Havana, Cuba] : _bImagen Contemporánea, _c2003. |
||
| 300 |
_aix, 128 p. ; _c23 cm. |
||
| 504 | _aIncludes bibliographical references. | ||
| 650 | 0 |
_aNational liberation movements _zCuba _xHistory. |
|
| 651 | 0 |
_aCuba _xHistory _xAutonomy and independence movements. |
|
| 700 | 1 |
_aTorres-Cuevas, Eduardo, _d1942- |
|
| 923 |
_d20041405 _n14947 _sUyMoLRL |
||
| 999 |
_c9226 _d9226 |
||